Guess The Country Of Origin By Company #1 - Statistics

General Stats
  • This quiz has been taken 136 times
  • The average score is 8 of 16
Answer Stats
Picture Answer % Correct
Finland
76%
China
75%
South Korea
75%
Japan
73%
Germany
72%
Mexico
65%
Netherlands
64%
Denmark
61%
Ireland
58%
United Kingdom
55%
Austria
44%
France
29%
Croatia
24%
Belgium
19%
Israel
15%
Turkey
15%
No matching quizzes found
Score Distribution
Percent of People with Each Score
Percentile by Number Answered
Your Score History
You have not taken this quiz